| 000 | 00712nam a2200241 a 4500 | ||
|---|---|---|---|
| 005 | 20210219160115.0 | ||
| 008 | 080801s1983 mx r 000 0 spa d | ||
| 020 | _a9232020912 | ||
| 035 | _aUPN01000158792 | ||
| 049 | _aUNE | ||
| 080 | _a66 =40 SAS. | ||
| 100 | 1 | _aSasson, Albert | |
| 245 | 1 | 4 |
_aLes Biotechnologies défis et promesses / _cAlbert Sasson. |
| 260 |
_aParís : _bUNESCO, _c1983. |
||
| 300 |
_a336 p. : _bil., retrs. |
||
| 440 | 0 |
_aSextant ; _v2. |
|
| 500 | _aInc. bibliographie. | ||
| 690 | _aGenética - Microbiología - Bioquímica | ||
| 690 | _aMicrobiología - Genética - Bioquímica | ||
| 690 | _aBioquímica - Microbiología - Genética | ||
| 710 | 2 | _aUNESCO | |
| 905 | _aUNESCO | ||
| 999 |
_c130906 _d130906 |
||